[Event "Match 79__120'/40"]
[Site "Zürich"]
[Date "2024.??.??"]
[Round "12"]
[White "Mephisto Polgar sel. 5"]
[Black "Mephisto Explorer Pro"]
[Result "1-0"]
[WhiteElo "1981"]
[BlackElo "2013"]
[Annotator "Utzinger,K"]
[PlyCount "98"]
[EventDate "2024.10.21"]
[EventType "match"]
[SourceVersionDate "2024.10.21"]

{[%evp 0,98,19,31,55,53,53,37,46,-10,-4,14,-34,-14,-14,-10,-2,-17,-5,-107,-104,-104,-64,-62,-70,-48,-39,-47,-41,-41,1,-9,10,0,-8,-33,-15,-23,0,-12,179,-53,-17,-17,-10,-10,-33,-27,7,34,24,0,0,0,0,-3,0,0,0,0,84,56,104,62,59,31,31,23,31,34,40,84,132,136,131,114,118,119,927,978,1016,1030,1030,1046,1046,1089,1139,1132,1152,1152,1199,1206,1206,1199,1211,1241,1246,1265,1297,2192,2170]} 1. d4 c5 {Match 120'/40 | Bediener: Rolf Bühler | 12. Partie: Weiss (Mephisto Polgar) gewinnt | Zwischenstand: 6,5-5,5 (54,1%) für Mephisto Polgar / hypothetisch: 7,0-5,0 (58,3%) für Mephisto Explorer Pro | Eröffnung: Benoni Verteidigung, Benko/Wolga Gambit | Mit einem hoch verdienten Sieg geht der Mephisto Polgar in diesem Wettkampf in Führung, auch wenn er erst seinen dritten Matchball verwerten kann. Doch hat der Mephisto Explorer Pro nie auch nur den Hauch einer Chance, das Blatt zu wenden.} 2. d5 Nf6 3. c4 b5 {***ENDE BUCH***} 4. a4 {Eine nicht sehr verbreitete Variante. Sie hat den Vorteil, dass sich Schwarz entscheiden muss zwischen ...bxc4 oder ...b4.} bxc4 {Die zweischneidigere Antwort. Weiss wird das Feld c4 in seine Gewalt bekommen, muss dafür aber Schwächen am Damenflügel in Kauf nehmen: rückständiger Bauer auf der halboffenen b-Linie und das Feld b4.} ({Beim logisch aussehenden} 4... b4 {bleibt die Stellung am Damenflügel geschlossen, da Weiss a2-a3 nicht mehr zur Verfügung hat; ebenso wenig steht ihm das Feld c3 für den Springer offen.}) 5. Nc3 d6 6. e4 Ba6 7. f4 {***ENDE BUCH***} g6 8. a5 {Eine andere Fortsetzung ist 8.e5.} (8. e5 {Hier ist 8.Sf3 Lg7 9.e5 Sfd7 nur Zugumstellung.} Nfd7 9. Nf3 Bg7 10. Qe2 (10. e6 fxe6 11. Ng5 Nf8 12. dxe6 h6 $2 (12... Nc6 $11) 13. Nf7 Qc8 14. Nxh8 Qxe6+ 15. Be2 Bxh8 16. O-O Bd4+ 17. Kh1 Bb7 18. Bg4 Qf6 19. Bf3 Nc6 20. Nd5 Qg7 21. Nc7+ Kd8 22. Nxa8 Bxa8 23. Bd5 e6 24. Bxc4 Nb4 25. Qe2 d5 26. Bb5 c4 27. Bd2 Nd3 28. Ba5+ Ke7 29. Rad1 Kf7 30. Rxd3 cxd3 31. Bxd3 Kg8 32. Rc1 {1-0 (32) Ward,C (2431)-Anderton,M (2244) England 2010}) 10... O-O 11. e6 Nb6 $2 (11... fxe6 12. Qxe6+ Kh8 $11) 12. exf7+ Rxf7 13. Ng5 Bxc3+ 14. bxc3 Rf6 15. h4 h6 16. h5 Qe8 17. Ne4 Rf8 18. hxg6 Qxg6 19. g4 Nxd5 20. f5 Qg7 21. Rxh6 Nxc3 22. Qh2 Qd4 23. Rg6+ Kf7 24. Nxd6+ exd6 25. Qh7+ Ke8 26. Re6+ Kd8 27. Qe7+ Kc8 28. Qxf8+ Kc7 29. Bb2 Nc6 30. Qxa8 Bc8 31. Re7+ Nxe7 32. Qxa7+ Bb7 33. Qa5+ Kb8 34. Qxc3 Qxg4 35. Be2 Qg5 36. Qg7 Qh4+ 37. Kd1 Qe4 38. Qf8+ Ka7 39. Qd8 Qh1+ 40. Kd2 Qh6+ 41. Kd1 Qh1+ 42. Kd2 Qh6+ 43. Kd1 Qh1+ 44. Kd2 {½-½ (44) Ward,C (2510)-Summerscale,A (2465) Birmingham 2000}) 8... Nbd7 9. b3 {Entwicklung mit 9.Sf3 verdient den Vorzug.} Bg7 10. Bd2 Rb8 11. Bxc4 Bxc4 12. bxc4 $11 e6 $14 {Die Engines bevorzugen 12...Sh5 oder 12...0-0 usw.} ({Rems 150824-avx2: 1)} 12... Nh5 13. Nge2 O-O 14. O-O Rb4 15. Ra4 Qb8 16. Nb5 Rxa4 17. Qxa4 a6 18. Nbc3 Bd4+ 19. Kh1 Qb2 20. Bc1 Qb7 21. Bd2 Qb2 {[%eval 0,54] [%wdl 20,960,20]}) ({Rems 150824-avx2: 2)} 12... O-O 13. Nf3 Ng4 14. Qe2 Rb2 15. Qd3 Bd4 16. Nxd4 cxd4 17. Na4 Rxd2 18. Qxd2 Ne3 19. Ra2 Nc5 20. Qxd4 Nxg2+ 21. Rxg2 Qxa5+ 22. Kf2 Qxa4 23. Ra1 Qb4 24. Kg1 a5 25. Rf1 Nb3 26. Qd3 Nc5 27. Qd4 {[%eval 0,53] [%wdl 20,960,20]}) 13. Nf3 ({Nach} 13. dxe6 fxe6 14. Nf3 $14 {behält Weiss noch einen geringen Vorteil.}) 13... exd5 14. cxd5 $11 {Dynamischer als 14.exd5. Man würde sagen, dass Weiss damit auf Gewinn spielt, statt den völligen Ausgleich anzustreben.} Qe7 $6 $16 {Genauer sind 14...0-0 und 14...Tb4.} 15. O-O O-O 16. Re1 Rfe8 17. e5 {Die logische Fortsetzung.} dxe5 18. fxe5 Ng4 19. e6 {Auch 19.d6 kam durchaus in Frage.} {[#]} c4 $2 {[%mdl 2] ***VERLUSTZUG*** Nr. 1 von Schwarz mit dieser schlechten Fortsetzung.} 20. exf7+ $2 {Aber mit dieser Antwort vermasselt Weiss den Sieg.} (20. exd7 $2 {wäre ein schlimmer Fehler} Qc5+ 21. Be3 ({oder} 21. Kh1 Nf2+ 22. Kg1 Nh3+ 23. Kh1 Qg1+ 24. Rxg1 Nf2# {Stickmatt}) 21... Rxe3 {und gewinnt angesichts der Doppeldrohung, mit ...Lxc3 eine Figur zu erobern, oder ...Txe1 mit Abzugschach. Weiss wird selbst bei bester Verteidigung in spätestens 14 Zügen Matt.} 22. d8=Q+ {reine Verzögerungstaktik} Rxd8 23. Kf1 (23. Kh1 Nf2+ 24. Kg1 Nxd1) (23. Rxe3 Qxe3+ 24. Kh1 Nf2+ 25. Kg1 Nxd1+) 23... Bxc3 24. Re2 Rxe2 25. Qxe2 Bxa1 $19 {usw.}) (20. d6 $1 Qxd6 21. exf7+ Kxf7 22. Ng5+ Kg8 23. Qxg4 $18 {Figurengewinn, denn Schwarz darf sich nicht revanchieren mit} Qxd2 $2 24. Qxc4+ Kh8 25. Nf7+ Kg8 26. Nh6+ Kh8 27. Qg8+ $1 Rxg8 28. Nf7# {Stickmatt}) 20... Qxf7 21. h3 Rxe1+ 22. Qxe1 Nge5 23. Ng5 Qe7 (23... Qf5 $11 {ist genauer}) 24. Ne6 Nd3 25. Qe4 N7c5 26. Nxc5 Qxc5+ 27. Be3 {[#]} Qc8 $2 {[%mdl 2] ***VERLUSTZUG*** Nr. 2 von Schwarz, der einige taktische Feinheiten übersieht. Die Dame sollte den weissen Freibauern mit 27...Dd6 = aufhalten.} 28. d6 $1 {Weiss packt seine Chance.} Bxc3 29. d7 Qxd7 (29... Qd8 30. Qxc4+ Kf8 31. Qxc3 Qxd7 {erzwungen, weil alles andere schlechter ist.} 32. Qh8+ Ke7 33. Qxb8 $18) 30. Qxc4+ Qf7 31. Qxc3 $18 {Damit sollte die Entscheidung gefallen sein. Denn Schwarz hat gegen die überwältigende Kraft der weissen Figuren keine Verteidigung mehr.} Nf4 32. Bxf4 $2 {Und erneut verpasst der Mephisto Polgar den Gewinn.} (32. Qd2 g5 33. Rc1 Rf8 34. Kh2 a6 35. Rc6 Ra8 36. Rc5 Ne6 37. Re5 h6 38. Qd6 Re8 39. Qxa6 $18) 32... Qxf4 33. Rf1 Qd6 $11 {Nun sollte der Kampf mit Remis enden: Gleiche Figuren, identische Bauernstruktur, keine Freibauern.} 34. Qe3 a6 35. Qc3 Rd8 36. Rf6 Qd1+ 37. Kh2 Qe2 38. Rb6 {[#]} Rd2 $2 {[%mdl 2] ***VERLUSTZUG*** Nr. 3 von Schwarz. Zwar droht der Mephisto Explorer Pro ein Matt auf g2. Das holländische Programm von Frans Morsch verkennt indessen, dass die gegnerischen Figuren nun seinem ungeschützten König den Garaus machen können.} 39. Rb8+ Kf7 40. Rb7+ Ke6 41. Qc6+ Ke5 42. Re7+ Kd4 43. Rxe2 Rxe2 44. Qxa6 {Weiss hat Dame+Bauer gegen Turm, was natürlich einen leichten Sieg garantiert.} Rd2 45. Qd6+ Kc3 46. Qxd2+ {Abwicklung in eine gewonnenes Bauernendspiel.} Kxd2 47. a6 Ke3 48. a7 Kf4 49. a8=Q Kf5 {***AUFGEGEBEN***} 1-0

[Event "Match 79__120'/40"]
[Site "Zürich"]
[Date "2024.??.??"]
[Round "13"]
[White "Mephisto Explorer Pro"]
[Black "Mephisto Polgar sel. 5"]
[Result "1-0"]
[WhiteElo "2013"]
[BlackElo "1981"]
[Annotator "Utzinger,K"]
[PlyCount "80"]
[EventDate "2024.10.21"]
[EventType "match"]
[SourceVersionDate "2024.10.21"]

{[%evp 0,80,19,-12,-12,-34,-15,-18,49,47,41,40,44,34,70,81,74,69,69,46,92,81,125,136,133,124,132,-32,-28,-36,-22,-90,-114,-209,-127,-122,-123,-144,-113,-115,-142,-147,-105,-109,18,7,46,17,79,100,174,226,249,251,311,272,376,558,582,574,572,572,580,573,576,575,577,584,584,574,577,595,817,907,907,934,930,1090,1106,1169,1182,1272,1357]} 1. c4 e5 {Match 120'/40 | Bediener: Rolf Bühler | 13. Partie: Weiss (Mephisto Explorer Pro) gewinnt | Zwischenstand: 6,5-6,5 (50%) Ausgleich / hypothetisch: 7,0-6,0 (53,8%) für Mephisto Explorer Pro | Eröffnung: Englisch, Dreispringer Variante | Frühzeitig, ab dem 9. Zug, entsteht ein damenloses und gleichstehendes Mittelspiel. Infolge kleiner Ungenauigkeiten von Schwarz, erhält Weiss doch Vorteil, den er aber postwendend wieder abgibt. Und mit der fehlerhaften Abwicklung 15.bxc7? gerät dann der Mephisto Explorer Pro gar in eine verlorene Stellung. Mit 21...The8? wirft der Mephisto Polgar den Sieg weg, nur um nach 24...bxa3? selbst in eine Verluststellung zu stolpern. Auf einen Schlag erwachen die weissen Figuren zum Leben und werden derart übermächtig, dass Schwarz in einen eigenartigen Zugzwang gerät, der entscheidend Material kostet. So kann der Mephisto Explorer Pro das Match wieder ausgleichen.} 2. Nf3 Nc6 {***ENDE BUCH***} 3. Nc3 {***ENDE BUCH***} Bc5 {Eine weniger übliche Fortsetzung. Auf c5 steht der Läufer nicht ideal, ist er doch bald dem Angriff d2-d4 ausgesetzt. Die bekannteren Alternativen sind:} (3... Nf6 {mit 12810 Partien im LiveBook von ChessBase, Erfolgsquote aus weisser Sicht 55%}) (3... f5 {mit 789 Partien im LiveBook von ChessBase, Erfolgsquote aus weisser Sicht 50%}) (3... g6 {mit 644 Partien im LiveBook von ChessBase, Erfolgsquote aus weisser Sicht 59%}) 4. e3 d6 5. d4 {[#] Nun muss Schwarz eine wichtige Entscheidung fällen. Soll man mit 5...exd4 tauschen und dem Gegner die Übermacht im Zentrum überlassen? Oder ist es besser, die Zentrumsspannung aufrechtzuerhalten und den Läufer auf ein anderes Feld zu ziehen? Und falls ja, nach b6 oder b4? Mit solchen Fragen muss man sich als Schachspieler dauernd auseinandersetzen. Zeigt sich, dass nur eine Lösung brauchbar ist, kann relativ schnell geantwortet werden. Vielfach ist ein Entscheid aber schwierig, weil man zwischen verschiedenen Alternativen wählen muss. Jeder Entscheid hat dann Vor- und Nachteile. Und abzuwägen, welche Fortsetzung objektiv am besten ist, gestaltet sich selten einfach, denn es gilt, möglichst tief in die zukünftige Entwicklung der Partie einzudringen. Dabei spielen aber auch persönliche Präferenzen und der Turnierstand eine Rolle. Kurzum: nicht umsonst versinken Schachspieler in solchen Situationen in tiefes Nachdenken und verbrauchen viel Bedenkzeit. Schauen wir einmal, was eine moderne und sehr starke Engine zu den ihrer Ansicht nach drei besten Zügen auf Suchtiefe 50 meint:} Bb6 {Wie man sieht, beurteilt die Engine Rems 150824-avx2 die Qualität der drei besten Züge mit Bewertung und weissem Erwartungswert wie folgt: 1) 5...Lb4 = (0.25) (53%) und 2) 5...Lb6 +/- (1.06) (77%) und 3) 5...exd4 +/- (1.13) (80%). Mit anderen Worten: Die am meisten gespielte Fortsetzung 5...exd4 wird am schlechtesten bewertet. WICHTIG: Man darf die Endstellung einer langen Engine-Variante nicht als Gott gegeben nehmen. Man sehe dazu z.B. die 3. Variante mit 5...exd4. Nach meiner Erfahrung stimmt zwar die angezeigte Bewertung für den gewählten Zug meistens schon, aber nach einer gewissen Anzahl von Halbzügen sind die nächsten Züge bis zum Variantenende nicht mehr wasserdicht.} ({Rems 150824-avx2: 1)} 5... Bb4 {= (0.25) (53% +8% =90% -2%)} 6. Bd2 Nf6 7. d5 Bxc3 8. Bxc3 Ne7 9. Nd2 O-O 10. Be2 b5 11. b3 bxc4 12. bxc4 c6 13. dxc6 Nxc6 14. O-O a5 15. Rb1 Qc7 16. h3 h6 17. Qc2 Bd7 18. Rfc1 Rfc8 19. Rb2 Rab8 20. Rxb8 Rxb8 21. c5 d5 22. a3 Ne7 23. a4 Ng6 24. Qa2 Qxc5 25. Qa1 Qc7 26. Bf1 Rc8 27. Ba6 {[%eval 25,50] [%wdl 84,898,18]}) ({Rems 150824-avx2: 2)} 5... Bb6 {+/- (1.06) (77% +55% =45% -0%)} 6. b4 exd4 7. exd4 a6 8. d5 Qe7+ 9. Be2 Ne5 10. O-O Nf6 11. Bb2 O-O 12. Nxe5 Qxe5 13. Na4 Qg5 14. Nxb6 cxb6 15. f4 Qh4 16. Qe1 Qxe1 17. Rfxe1 Bf5 18. h3 b5 19. g4 Bd7 20. Bxf6 gxf6 21. c5 a5 22. Bd1 axb4 23. cxd6 Ra6 24. Bb3 Rc8 25. Rac1 Rc3 26. Rxc3 bxc3 27. Kf2 Rxd6 28. Ke3 h5 29. f5 hxg4 30. hxg4 b6 31. Rd1 Bc8 32. Kd4 b4 33. Kc4 Bb7 34. Kxb4 Bxd5 35. Kxc3 Rc6+ 36. Kb4 Bf3 37. Kb5 Rc3 38. Rd4 Rc6 39. Rd7 {[%eval 106,50] [%wdl 545,454,1]}) ({Rems 150824-avx2: 3)} 5... exd4 {+/- (1.13) (80% +60% =40% -0%)} 6. exd4 Bb6 7. b4 a6 8. d5 Qf6 9. Bb2 Nd4 10. Be2 Nxf3+ 11. Bxf3 Bd4 12. Qd2 Qe7+ 13. Be2 Bf6 14. f4 Bg4 15. O-O Bxe2 16. Rfe1 Qd8 17. Nxe2 Kf8 18. Nd4 h5 19. Re2 Qd7 20. Rae1 h4 21. h3 Ne7 22. Qd3 Rh5 23. Rxe7 Bxe7 24. Ne6+ fxe6 25. Qg6 Bf6 $2 (25... e5 $142 $1 26. Qxh5 Kg8 27. fxe5 dxe5 28. Bxe5 Bxb4 29. Re4 $14) 26. Qxh5 g6 27. Qe2 Qg7 28. Bxf6 Qxf6 29. dxe6 Re8 30. b5 Qd4+ 31. Kh1 Kg7 32. Qg4 $2 {Ab hier stimmt die Variante nicht mehr.} (32. Qf3 $18 {gewinnt}) 32... Qxc4 33. bxa6 bxa6 {[%eval 113,50] [%wdl 603,396,1] Analysiert man diesen letzten Zug der langen Variante, ergibt sich eine völlig andere, bzw. ausgeglichene Bewertung: = (0.00) (50% +1% =99% -1%) Depth: 66/57.}) 6. dxe5 Nxe5 7. Nxe5 dxe5 8. Qxd8+ Kxd8 {Der Damentausch und die Verhinderung der schwarzen Rochade hat dem Weissen nur einen geringen Vorteil eingebracht.} 9. Be2 Ne7 $6 {Aus Sicht unserer Oldies ein normal guter Zug. Weshalb den Engines andere Fortsetzungen wie ...Sf6 / ...c6 / ...Lc5 / ...Ke8 weit besser gefallen, kann der Mephisto Polgar ebenso wenig erkennen wie Menschen, ohne dass sich diese tief mit der Stellung beschäftigen. Ein Grund wäre aber, dass nach einmal ...c6 der schwarze König auf e7 einen guten Platz gefunden hätte.} 10. O-O Bd7 {etwas gar passiv} 11. Rd1 Kc8 12. b4 {droht c4-c5 mit Figurengewinn} a5 $6 {Verpasst die beste Verteidigung 12...a6.} 13. c5 $2 $11 {Nun geht gar der weisse Vorteil komplett verloren, was mit 13.b5 zu vermeiden war.} axb4 14. cxb6 bxc3 {[#]} 15. bxc7 $2 {[%mdl 2] ***VERLUSTZUG*** für Weiss, für das holländische Programm von Frans Morsch mangels genügender Suchtiefe aber nicht zu erkennen.} (15. Rd3 Ra6 16. Rxc3 Rxb6 $11 {ausgeglichen}) 15... b5 $1 {Die beste Fortsetzung, was sowohl a4 verhindert, aber auch a3 geht wegen ...b4 nicht, weil wegen der Turmfesslung ...b3 nicht verhindert werden kann.} 16. Bh5 f5 {Noch genauer sind 16...Le6 oder 16...g6.} 17. e4 Kxc7 {Es führen bereits mehrere Wege nach Rom, bzw. zum Sieg: 17...f4 und 17...b4.} 18. exf5 Bxf5 19. Bf3 Rad8 20. Re1 Ng6 {Nur noch -+ (-2.19) statt 20...Sc6 mit -+ (-3.71).} 21. Be3 Rhe8 $2 $11 {Vergibt den mit 21...b4 möglichen Sieg.} ({Rems 150824-avx2:} 21... b4 {-2.54(0%)/38} 22. g3 Rd3 $19) 22. Rac1 b4 23. a3 $1 $11 {Knabbert die gegnerische Bauernstellung gerade rechtzeitig an.} Nh4 $2 {Gerät so wieder in grosse Schwierigkeiten.} (23... c2 $1 24. axb4 Nf4 25. g3 g5 $1 26. gxf4 exf4 27. Bd2 Rxe1+ 28. Bxe1 g4 29. Bxg4 Rg8 30. h3 h5 31. f3 hxg4 32. hxg4 Kc6 33. Kf2 Bg6 $11) 24. Bd1 {[#]} bxa3 $2 $19 {[%mdl 32768] ***VERLUSTZUG*** für Schwarz, der das aber nicht erkennen kann.} ({Nur mit} 24... Rxd1 25. Rexd1 c2 26. axb4 Re6 {kann Schwarz versuchen, noch mitzuspielen}) 25. Rxc3+ Kb7 26. Rb3+ Kc8 27. Rxa3 {Materiell steht es zwar noch gleich. Aber die weissen Figuren stehen plötzlich übermächtig und können tödliche Drohungen aufstellen. Das alles war viel zu tief versteckt vor 6 Halbzügen.} Kb8 28. Ba4 {Am besten, denn Weiss bringt den Gegner in Zugzwang.} Re7 {Schwarz hat komischerweise keine befriedigenden Antworten.} (28... Ng6 29. Rb3+ Kc7 (29... Kc8 30. Rc1+ Bc2 31. Rxc2#) (29... Ka8 30. Bc6#) 30. Bb6+ {und gewinnt}) (28... h6 29. Rb3+ Kc7 (29... Kc8 30. Rc1+ Bc2 31. Rxc2#) (29... Ka8 30. Bc6#) 30. Bb6+ {und gewinnt}) (28... Be4 29. Bg5 Nf5 30. Rxe4 {und gewinnt}) 29. Bg5 {Doppelangriff auf Turm und Springer} Nxg2 {Berechtigte Verzweiflung.} 30. Kxg2 Rdd7 31. Rb3+ Kc8 32. Bxd7+ Rxd7 33. Rxe5 {Weiss hat einen ganzen Turm mehr. Der Rest bedarf keiner Kommentare mehr.} g6 34. Bf4 Ra7 35. Rbe3 Rd7 36. Rc5+ Kb7 37. Rb3+ Ka6 38. Rc1 Rd5 39. Bd2 Be4+ 40. Kg1 Rb5 {***AUFGEGEBEN***} 1-0

[Event "Match 79__120'/40"]
[Site "Zürich"]
[Date "2024.??.??"]
[Round "14"]
[White "Mephisto Polgar sel. 5"]
[Black "Mephisto Explorer Pro"]
[Result "1/2-1/2"]
[WhiteElo "1981"]
[BlackElo "2013"]
[Annotator "Utzinger,K"]
[PlyCount "24"]
[EventDate "2024.10.21"]
[EventType "match"]
[SourceVersionDate "2024.10.21"]

{[%evp 0,24,18,31,36,36,35,14,15,0,10,7,2,-3,0,0,0,0,0,0,0,0,0,0,0,0,0]} 1. e4 e6 {Match 120'/40 | Bediener: Rolf Bühler | 14. Partie: Remis | Zwischenstand: 7,0-7,0 (50%) Ausgleich / hypothetisch: 7,5-6,5 (53,5%) für Mephisto Explorer Pro | Eröffnung: Französische Verteidigung, Vorstoss Variante | Für einmal trennen sich die beiden Kontrahenten nach nur 12 Zügen mit einem Grossmeisterremis. In einer bekannten Zugfolge kommt es zu einer dreifachen Stellungswiederholung.} 2. d4 d5 3. e5 c5 4. c3 Nc6 5. Nf3 Qb6 6. Be2 cxd4 7. cxd4 Nge7 8. Nc3 ({Mit} 8. Na3 {kann Weiss der Zugwiederholung ausweichen.} Nf5 9. Nc2) 8... Nf5 {***ENDE BUCH***} 9. Na4 {***ENDE BUCH***} Qa5+ 10. Nc3 Qb6 11. Na4 Qa5+ 12. Nc3 Qb6 {[#] ***REMIS 3x***} 1/2-1/2